<?xml version="1.0" encoding="UTF-8"?>
<record
    xmlns:xsi="http://www.w3.org/2001/XMLSchema-instance"
    xsi:schemaLocation="http://www.loc.gov/MARC21/slim http://www.loc.gov/standards/marcxml/schema/MARC21slim.xsd"
    xmlns="http://www.loc.gov/MARC21/slim">

  <leader>01211nam a22002297a 4500</leader>
  <controlfield tag="005">20120614170415.0</controlfield>
  <controlfield tag="008">081007t        xxu||||| |||| 00| 0 mar d</controlfield>
  <datafield tag="010" ind1=" " ind2=" ">
    <subfield code="a">MAR-22424</subfield>
  </datafield>
  <datafield tag="020" ind1=" " ind2=" ">
    <subfield code="c">220.00</subfield>
    <subfield code="a">9788184983975</subfield>
  </datafield>
  <datafield tag="035" ind1=" " ind2=" ">
    <subfield code="a">MR-15082</subfield>
  </datafield>
  <datafield tag="037" ind1=" " ind2=" ">
    <subfield code="b">D.B.Act /pub</subfield>
  </datafield>
  <datafield tag="082" ind1=" " ind2=" ">
    <subfield code="a">791.43028092</subfield>
  </datafield>
  <datafield tag="100" ind1=" " ind2=" ">
    <subfield code="9">49115</subfield>
    <subfield code="a">&#x92A;&#x941;&#x930;&#x940;, &#x928;&#x902;&#x926;&#x93F;&#x924;&#x93E; &#x938;&#x940;.</subfield>
  </datafield>
  <datafield tag="245" ind1=" " ind2=" ">
    <subfield code="a">&#x905;&#x928;&#x932;&#x93E;&#x907;&#x915;&#x932;&#x940; &#x939;&#x93F;&#x930;&#x94B; &#x913;&#x92E;&#x92A;&#x941;&#x930;&#x940; /</subfield>
    <subfield code="c">&#x928;&#x902;&#x926;&#x93F;&#x924;&#x93E; &#x938;&#x940;. &#x92A;&#x941;&#x930;&#x940;.; &#x905;&#x92D;&#x93F;&#x91C;&#x93F;&#x924; &#x92A;&#x947;&#x902;&#x922;&#x93E;&#x930;&#x915;&#x930; &#x926;&#x94D;&#x935;&#x93E;&#x930;&#x93E; &#x905;&#x928;&#x941;&#x935;&#x93E;&#x926;&#x93F;&#x924;</subfield>
  </datafield>
  <datafield tag="246" ind1=" " ind2=" ">
    <subfield code="b">by Nandita C.Puri </subfield>
    <subfield code="a">Unlikly Hero Om Puri</subfield>
  </datafield>
  <datafield tag="260" ind1=" " ind2=" ">
    <subfield code="a">&#x92A;&#x941;&#x923;&#x947;</subfield>
    <subfield code="b">&#x92E;&#x947;&#x939;&#x924;&#x93E; &#x92A;&#x92C;&#x94D;&#x932;&#x93F;&#x938;&#x93F;&#x902;&#x917; &#x939;&#x93E;&#x90A;&#x938;</subfield>
    <subfield code="c">2012</subfield>
  </datafield>
  <datafield tag="270" ind1=" " ind2=" ">
    <subfield code="b">&#x92A;&#x941;&#x923;&#x947;</subfield>
    <subfield code="a">1941,&#x938;&#x926;&#x93E;&#x936;&#x93F;&#x935; &#x92A;&#x947;&#x920;,</subfield>
    <subfield code="e">411030</subfield>
  </datafield>
  <datafield tag="300" ind1=" " ind2=" ">
    <subfield code="a">&#x924;&#x947;&#x935;&#x940;&#x938;,184&#x92A;&#x943;.</subfield>
    <subfield code="c">22&#x938;&#x947;&#x92E;&#x940;(&#x905;&#x91C;&#x93F;&#x932;&#x94D;&#x926;)</subfield>
    <subfield code="b">&#x938;&#x91A;&#x93F;&#x924;&#x94D;&#x930;</subfield>
  </datafield>
  <datafield tag="700" ind1=" " ind2=" ">
    <subfield code="a">&#x92A;&#x947;&#x902;&#x922;&#x93E;&#x930;&#x915;&#x930;, &#x905;&#x92D;&#x93F;&#x91C;&#x93F;&#x924;</subfield>
    <subfield code="9">51391</subfield>
  </datafield>
  <datafield tag="942" ind1=" " ind2=" ">
    <subfield code="2">ddc</subfield>
    <subfield code="c">MR</subfield>
    <subfield code="m">&#x92A;&#x941;&#x930;&#x940;&#x928;&#x902;</subfield>
    <subfield code="h">791.43028092</subfield>
  </datafield>
  <datafield tag="999" ind1=" " ind2=" ">
    <subfield code="c">69231</subfield>
    <subfield code="d">69231</subfield>
  </datafield>
  <datafield tag="952" ind1=" " ind2=" ">
    <subfield code="0">0</subfield>
    <subfield code="1">0</subfield>
    <subfield code="2">ddc</subfield>
    <subfield code="4">0</subfield>
    <subfield code="7">1</subfield>
    <subfield code="8">NFIC</subfield>
    <subfield code="a">DBAD</subfield>
    <subfield code="b">DBAD</subfield>
    <subfield code="d">2012-08-23</subfield>
    <subfield code="e">DBAD / PUB</subfield>
    <subfield code="g">220.00</subfield>
    <subfield code="l">0</subfield>
    <subfield code="o">791.43028092 &#x92A;&#x941;&#x930;&#x940;&#x928;&#x902;</subfield>
    <subfield code="p">MR-15082</subfield>
    <subfield code="r">2012-08-23 00:00:00</subfield>
    <subfield code="t">1</subfield>
    <subfield code="v">220.00</subfield>
    <subfield code="w">2012-08-23</subfield>
    <subfield code="y">MR</subfield>
  </datafield>
</record>
